000 00478nam a2200169 i 4500
001 72553
003 ES-MaACL
005 20230906171454.0
007 t|
008 040901s1964 sp ||||1| spa d
100 1 _aGiuglaris, Marcel.
_957358
245 1 0 _aVisado para Siberia /
_cMarcel Giuglaris ; [traducción de Luis Sastre].
260 _aMadrid :
_bCid,
_c1964.
300 _a179 p. ;
_c23 cm.
700 1 _aSastre, Luis.
_9103920
852 _aES-MaACL
_jC-25830
_bR.54571
999 _c72553
_d72553